1152 1123 1341 1976 1567 1208 1646 1688 1074 1268 1867 1903 1438 1695 1908 1144 1001 1237 1390 1918 1205 1147 1955 1401 1443 1100 1597 1089 1670 1438 1121 1638 1851 1466 1086 1198 1509 1142 1181 1493 1212 1934 1597 1844 1807 1844 1864 1051 1356 1956 1901 1735 1500 1874 1420 1305 1960 1441 1260 1824 1566 1996 1148 1144 1565 1947 1253 1876 1558 1434 1115 1611 1977 1631 1337 1304 1121 1333 1348 1774 1577 1380 1402 1584 1004 1940 1756 1194 1602 1970 1279 1842 1574 1671 1652 1836 1165 1059 1472 BCNSPRNW ULIB Ver.6.0+V

เปลี่ยนเป็นภาษาไทย

Change to English
 แสดงรายละเอียดบรรณานุกรม
  กลับหน้าหลัก

Brief Record : Get Marc (ISO 2709) : E-mail record : QR code < ปิดหน้าต่าง
LEADER : 00000nam 2200000uu 4500
001    13399127509
003     ULIB
008    200911s2562||||th 000 0 tha d
020 ^   ^a9786163124159 :^c300 บาท
050 0   ^aนว.^bร196พ
100 ^   ^aรอมแพง.
245 1   ^aพรหมลิขิต^cรอมแพง.
250 ^   ^aพิมพ์ครั้งที่ 1.
260 ^   ^aกรุงเทพฯ^bแฮปปี้ บานานา^c2562.
300 ^   ^a536 หน้า ; 19 ซม.
945    ^p300^l0^i007109
999    ^aประนอม เกษจรัล
รายการนี้ยังไม่มีแท็ก
คุณยังไม่ได้ล็อกอิน คุณสามารถมีกิจกรรมร่วมกับเว็บไซต์ได้ แต่ต้องล็อกอินก่อน ::
  ล็อกอิน

รายการสื่อสารสนเทศ

ลำดับที่ ประเภท เลขเรียก/บาร์โค้ด สถานที่ สถานะ
1. นวนิยาย
นวนิยาย
นว. ร196พ ฉ.1 
  Barcode: 007109
ห้องสมุดวิทยาเขตนครสวรรค์
►นวนิยาย:l:Fiction
บนชั้น

รายการใกล้เคียง
    ผู้แต่ง [รอมแพง.]

BibComment


ยังไม่เคยถูกคอมเมนท์

คอมเมนท์ทรัพยากรรายการนี้
  คอมเมนท์: พรหมลิขิต รอมแพง


 Copyright 2026. Bcnsprnw @Library